00201nam a2200085 a 4500008004100000050001400041100001700055245003400072350000900106120416s9999 xx |||||||||||||| || u aS 567 Kah aKahlon, A. S10aManaging agricultural finance a0.00